Normal view
MARC view
- Winehell, William Perick, Richard
Entry Personal Name
001 - CONTROL NUMBER
- control field: 74001
003 - CONTROL NUMBER IDENTIFIER
- control field: NUST
005 - DATE AND TIME OF LATEST TRANSACTION
- control field: 20210628205120.0
008 - FIXED-LENGTH DATA ELEMENTS
- fixed length control field: 210628|| aca||aabn | a|a d
040 ## - CATALOGING SOURCE
- Original cataloging agency: NUST
- Transcribing agency: NUST
100 ## - HEADING--PERSONAL NAME
- Personal name: Winehell, William Perick, Richard
670 ## - SOURCE DATA FOUND
- Source citation: Work cat.: (NUST): Winehell, William Perick, Richard, Realistic cost estimating for manufacturing, 1989
